Statistiche per Comuni della Provincia di Bari

Clicka qui per fare il quiz!

Statistiche generali

  • Questo quiz è stato fatto 48 volte
  • Il punteggio medio è 25 su 41

Statistiche sulle risposte

Comune% Corretto
Bitonto
91%
Bari
89%
Altamura
84%
Bitetto
84%
Polignano a Mare
82%
Bitritto
80%
Monopoli
80%
Giovinazzo
73%
Modugno
73%
Gioia del Colle
70%
Mola di Bari
70%
Molfetta
68%
Acquaviva delle Fonti
66%
Binetto
66%
Adelfia
64%
Alberobello
64%
Palo del Colle
64%
Casamassima
61%
Corato
61%
Terlizzi
61%
Cassano delle Murge
59%
Gravina di Puglia
59%
Putignano
57%
Santeramo in Colle
57%
Turi
57%
Conversano
55%
Grumo Appula
55%
Ruvo di Puglia
55%
Triggiano
55%
Castellana Grotte
52%
Sammichele di Bari
52%
Locorotondo
50%
Noicattaro
50%
Noci
45%
Rutigliano
45%
Sannicandro di Bari
45%
Toritto
45%
Valenzano
41%
Cellamare
36%
Poggiorsini
34%
Capursi
23%

Distribuzione punteggi

Percentile per numero di risposta

Percentuale di utenti per punteggio

I tuoi punteggi nel tempo

Non hai fatto questo quiz